000 00572nam a2200181 i 4500
001 45270
003 ES-MaACL
005 20230906161205.0
007 t|
008 030325s1975 sp ||||1| spa d
100 1 _aCochran, William G.
_939403
245 1 0 _aTécnicas de muestreo /
_cWilliam G. Cochran ; [traducido por Eduardo Casas Díaz].
250 _a[1ª ed., 5ª reimp.].
260 _aMéxico, etc. :
_bCompañía Editorial Continental,
_c[1975]
300 _a507 p. ;
_c23 cm.
700 1 _aCasas Díaz, Eduardo.
_936219
852 _aES-MaACL
_jA-5999
_bR.94997
999 _c45270
_d45270